NBA 2018-2019 (Difficile) - Statistiques

Statistiques générales
  • Ce quiz a été pris 331 fois
  • Le résultat moyen est 34 sur 100
Statistiques - réponses
Hint Réponse % Correct
Division Atlantique Raptors / Toronto
77%
1 Bucks / Milwaukee
70%
2 Raptors / Toronto
70%
1 Warriors / Golden State
70%
Points Par Match (36.1) James Harden
69%
Division Pacifique Warriors / Golden State
68%
Division Central Bucks / Milwaukee
67%
2 Nuggets / Denver
62%
4 Celtics / Boston
60%
Division Sud-Ouest Rockets / Houston
60%
3 76ers / Philadelphie
58%
Division Sud-Est Magic / Orlando
58%
Division Nord-Ouest Nuggets / Denver
58%
7 Magic / Orlando
55%
4 Rockets / Houston
55%
6 Nets / Brooklyn
54%
Triple-Doubles (34) Russel Westbrook
54%
5 Jazz / Utah
53%
5 Pacer / Indiana
53%
8 Clippers / Los Angeles
51%
8 Pistons / Detroit
50%
Rebonds Par Match (15.6) Andre Drummond
49%
MVP Finales Kawhi Leonard
49%
6 Thunder / Oklahoma City
49%
Champion Raptors / Toronto
48%
Passes Par Match (10.7) Russel Westbrook
48%
Vice Champion Warriors / Golden State
48%
Rockets James Harden
47%
Nuggets Nikola Jokić
47%
7 Spurs / San Antonio
47%
Warrioes Stephen Curry
47%
3 Tail Blazers / Portland
47%
Bucks Giánnis Antetokoúnmpo
46%
Joueur Defensifs Rudy Gobert
46%
MVP Giánnis Antetokoúnmpo
45%
Marvricks Luka Dončić
45%
Jazz Rudy Gobert
45%
Hawks Trae Young
45%
Suns DeAndre Ayton
43%
1 (Suns) DeAndre Ayton
43%
Bucks Giánnis Antetokoúnmpo
43%
Rookie Luka Dončić
42%
OKC Paul George
42%
Ballons Perdu Par Match (5.0) James Harden
41%
3 (Hawks) Luka Dončić
41%
5 (Maveriks) Trae Young
41%
Celtics Marcus Smart
40%
4 (Grizzlies) Jaren Jackson Jr
38%
OKC Paul George
38%
Grizzlies Jaren Jackson Jr
37%
Points Par Match (32.3) Kevin Durant
37%
6ème Homme Lou Williams
36%
Kings Marvin Bagley
33%
2 (Kings) Marvin Bagley
33%
Contres Par Match (2.7) Myles Turner
30%
Passes Par Match (10.6) Russel Westbrook
30%
Double-Doubles (69) Andre Drummond
29%
Pourcentage de Réussite (66.9%) Rudy Gobert
29%
Ballons Perdu Par Match (4.6) Russel/ Westbrook / James Harden
28%
8 (Cavaliers) Collin Sexton
26%
Rebonds Par Match (13.0) Nikola Jokić / André Drummond
26%
MIP Pascal Siakam
25%
6 (Magic) Mohamed Bamba
24%
Points par Match Bucks / Milwaukee
23%
Bucks Eric Bledsoe
23%
Coach de l'Année Mike Budenholzer
23%
Rebonds Par Match Bucks / Milwaukee
22%
Interceptions Par Match (2.2) Paul George
21%
Contres Par Match (2.6) Rudy Gobert
21%
Poucentage aux Lancers Francs (94.3%) Stephen Curry
21%
9 (Knicks) Kevin Knox
19%
Passes Par Match Warriors / Golden State
19%
Plus Grand Différentiel Bucks / Milwaukee
18%
Pourcentage à 3 Points (47.9%) Joe Harris
15%
7 (Bulls) Wendell Carter Jr.
15%
Passes Par Match Warriors / Golden State
14%
Rebonds Par Match Bucks / Milwaukee
13%
Plus Grand Différentiel Bucks / Milwaukee
13%
Triple-Doubles (6) Draymond Green
12%
Poucentage aux Lancers Francs (92.8%) Malcom Brogdon
12%
Pourcentage de Réussite Warriors / Golden State
12%
Minutes Jouées Par Match (36.9) Bradley Beal / Paul George
11%
Contres Par Match Bucks / Milwaukee
11%
Double-Doubles (14) Draymond Green
10%
10 (76ers) Mikal Bridges
10%
Interceptions Par Match Thunder / Oklahoma City
10%
Contres Par Match Warriors / Golden State
10%
Pourcentage de Réussite Bucks / Milwaukee
9%
Pourcentage à 3 Points Bucks / Milwaukee
8%
Poucentage aux Lancers Francs Raptors / Toronto
8%
Points par Match Clippers / Los Angeles
7%
Minutes Jouées Par Match (40.8) Paul George
7%
Ballons Perdu Par Match 76ers / Philadelphie
6%
Interceptions Par Match Jazz / Utah
6%
Ballons Perdu Par Match Hawks / Atlanta
5%
Pourcentage à 3 Points (60.0%) Luke Kennard
5%
Pourcentage de Réussite (73.0%) Montrezl Harrell
5%
Pourcentage à 3 Points Spurs / San Antonio
5%
Poucentage aux Lancers Francs Spurs / San Antonio
4%
Interceptions Par Match (2.8) Thaddeus Young
3%
Aucun quiz correspondant
Distribution des résultats
% des personnes avec chaque résultat
Percentile par nombre de réponses
Votre historique - résultats
Vous n’avez pas pris ce quiz